Sesame Street Songs - Statistics

General Stats
  • This quiz has been taken 253 times
  • The average score is 8 of 13
Answer Stats
Hint Answer % Correct
Lots of things start with 'C', in particular something Cookie Monster loves C is for Cookie
88%
Ernie likes to sing this song in the bath Rubber Duckie
85%
We've been singing this song since 1969, still haven't told us how to get there! Sesame Street Theme Song
85%
Elmo wrote the music, he also wrote the words! Elmo's Song
73%
Something or Someone is hanging out in the mirror Monster in the Mirror
67%
Kermit's signature tune! Bein' Green
65%
Ernie wants to visit this place, but not permanently I Don't Want to Live on the Moon
65%
Oscar embraces everything we throw away I Love Trash
65%
Ernie and Hoots the Owl rock out to this number, after Ernie drops his prize possession Put Down The Duckie
58%
Remember you can keep this simple, as long as it lasts your whole life long Sing
56%
Struggling to sleep? Ernie (and some sheep) have the song for you Dance Myself to Sleep
48%
You might see lots of different people when you walk around your town The People in Your Neighborhood
47%
Grover goes solo on this number, which is fitting given the subject matter! What Do I Do When I'm Alone?
30%
No matching quizzes found
Score Distribution
Percent of People with Each Score
Percentile by Number Answered
Your Score History
You have not taken this quiz